'KC' Match Game Quiz Stats

 Plays Quiz Updated Jan 31, 2015

Also try: SS Things
Challenge
Share
Tweet
Embed
Score 0/40 Timer 08:00
0 Plays Today
% Correct
ka-ching
95.5%
kennel club
94.4%
Kelly Clarkson
92.5%
Kurt Cobain
92%
kettle corn
91.6%
Kansas City
91.2%
kangaroo court
89.3%
kim chee
86.8%
King's Cross
86.5%
karate chop
86.5%
Kevin Costner
86.3%
Kenyon College
86.3%
Krebs cycle
86%
Kenny Chesney
83.8%
Konstantin Chernenko
83%
Katie Couric
82.7%
Kimberly-Clark
82%
Kennedy Center
80.2%
Kit Carson
79.6%
Kim Cattrall
78.6%
% Correct
Kentucky Colonels
77.1%
Keystone Cops
75.1%
Karel Čapek
74.8%
Karen Carpenter
72.6%
Kaizer Chiefs
71.8%
Kirk Cameron
71.4%
King County
70.4%
killing curse
69.1%
Kenneth Cole
69%
Kieran Culkin
68.5%
Kristin Chenoweth
60.1%
Ken Caminiti
57.3%
Kerry Collins
56.2%
Keith Carradine
53.7%
Kyle Chandler
51.8%
Kid Creole
51.4%
Kitty Carlisle
45.1%
Kimberley Conrad
43.7%
Kate Chopin
33.3%
Kim Campbell
25.6%

You're not logged in!

Compare scores with friends on all Sporcle quizzes.
Join for Free
OR
Log In

You Might Also Like...

Show Comments

Extras

Top Quizzes Today


Score Distribution

Your Account Isn't Verified!

In order to create a playlist on Sporcle, you need to verify the email address you used during registration. Go to your Sporcle Settings to finish the process.

Report this User

Report this user for behavior that violates our Community Guidelines.

Details: